| 000 | 00557nam a2200181 a 4500 | ||
|---|---|---|---|
| 001 | 4687 | ||
| 003 | CO-ViMGA | ||
| 008 | 141112s2004 ck r 000 u spa d | ||
| 040 |
_aCO-ViMGA _bspa _cCO-ViMGA |
||
| 082 | 0 | 4 | _a928.6 B469 |
| 245 | 1 | 0 |
_aAdolfo Bioy Casares : _bpremio de literatura en lengua castellana "Miguel de Cervantes" 1990 |
| 260 |
_aBarcelona : _bAnthropos, _c1991 |
||
| 300 | _a143 p : il | ||
| 490 | _aAmbitos literarios/premios cervantes, 16 | ||
| 590 | _aEjemplares : 2 | ||
| 650 | 1 | 4 |
_aCASARES, ADOLFO BIOY 1914 _92795 |
| 942 |
_2ddc _cBK |
||
| 999 |
_c16697 _d16697 |
||